00594nam a2200121Ia 4500008004100000100009400041245015300135260002700288650001300315856005200328999001900380952007300399171212s9999 xx 000 0 und d aLachman, Beth E.;Schaefer, Agnes Gereben;Kalra, Nidhi;Hassell, Scott;Hall, Kimberly Curry cLachman, Beth E.;Schaefer, Agnes Gereben;Kalra, Nidhi;Hassell, Scott;Hall, Kimberly CurryaKey Trends That Will Shape Army Installations of Tomorrow bRAND Corporationc2013 aBusiness uhttp://www.jstor.org/stable/10.7249/j.ctt5hhv93 c352253d352253 001040aCLbCLd2017-12-12l0r2017-12-12 00:00:00w2017-12-12yCBE